Countries by national stereotype #2 - Statistics

General Stats
  • This quiz has been taken 594 times
  • The average score is 17 of 25
Answer Stats
Stereotype Country % Correct
Jungle, Portuguese, Soccer Fan Brazil
90%
Jewish, Zionist, Heavily Armed Israel
90%
Theocratic, Shia, Persian Iran
89%
Tahrir Square, Pharaoh, Ruins Egypt
88%
Explorer, Catholic, Inquisition Spain
82%
Blonde, Drunk, National Guilt Germany
79%
Terrorist, Oil, No WMDs Iraq
78%
Easy Going, Maori, Sheep Farmer New Zealand
78%
Divided, Former Soviet, Hate Putin Ukraine
78%
Chocolate, Waffles, Multi Ethnic Belgium
76%
Barbaric, Empty, Son of Khan Mongolia
75%
Former Racist, Zulu, Rugbee South Africa
74%
Orthodox, Balkan, Yugoslav Serbia
73%
Poor, Incan, Indiana Jones Peru
71%
Slavic, Catholic, Butt of Jokes Poland
69%
City State, Filthy Rich, No Gum Singapore
67%
Hispanic, Ex-Nazi, Cattle Farmer Argentina
62%
European, Muslim, Genocide Victim Bosnia
57%
Muslim, Asian, Obama's Childhood Indonesia
57%
Spanish Speaking, Asian, Tsunamis Philippines
57%
Like To Move It Move It! Madagascar
52%
Muslim, Poultry, Military Coups Turkey
51%
Catholic, Homophobic, Tiny Vatican City
51%
Black, Christian, Hate Italians Ethiopia
41%
Islander, Muslim, Drowning Maldives
38%
No matching quizzes found
Score Distribution
Percent of People with Each Score
Percentile by Number Answered
Your Score History
You have not taken this quiz